Terrorismus: Akteure, Strukturen, Entwicklungslinien
| Autor principal: | |
|---|---|
| Tipo de documento: | Print Libro |
| Lenguaje: | Alemán |
| Publicado: |
Innsbruck Wien Bozen
Studienverl.
2009
|
| En: | Año: 2009 |
| Edición: | 1. Aufl. |
| Acceso en línea: |
Inhaltsbeschreibung Índice Reseña |
| Verificar disponibilidad: | HBZ Gateway |
| Servicio de pedido Subito: | Pedir ahora. |
| Palabras clave: |
MARC
| LEADER | 00000cam a2200000 c 4500 | ||
|---|---|---|---|
| 001 | 55674960X | ||
| 003 | DE-627 | ||
| 005 | 20260206194206.0 | ||
| 007 | tu | ||
| 008 | 080116s2009 au ||||| 00| ||ger c | ||
| 015 | |a 08,N04,3533 |2 dnb | ||
| 015 | |a 08,N04,3533 |2 dnb | ||
| 016 | 7 | |a 986967521 |2 DE-101 | |
| 020 | |a 9783706546041 |c Kt. : ca. sfr 135.00 (freier Pr.), ca. EUR 79.90, ca. EUR 79.90 (AT) |9 978-3-7065-4604-1 | ||
| 024 | 3 | |a 9783706546041 | |
| 035 | |a (DE-627)55674960X | ||
| 035 | |a (DE-603)230335926 | ||
| 035 | |a (DE-576)276891252 | ||
| 035 | |a (DE-599)DNB986967521 | ||
| 035 | |a (OCoLC)638400662 | ||
| 035 | |a (OCoLC)638400662 | ||
| 035 | |a (DE-H357)his37260 | ||
| 040 | |a DE-627 |b ger |c DE-627 |e rakwb | ||
| 041 | |a ger | ||
| 044 | |c XA-AT |c XA-IT | ||
| 072 | 7 | |a J |2 bicssc | |
| 082 | 0 | |a 940 |q BSZ | |
| 082 | 0 | |a 327.117 | |
| 082 | 0 | 4 | |a 320 |a 940 |q DNB |
| 084 | |a 7,26 |a 3,6 |2 ssgn | ||
| 084 | |a MD 8920 |q OBV |2 rvk |0 (DE-625)rvk/122569: | ||
| 084 | |a 89.58 |2 bkl | ||
| 090 | |a a | ||
| 100 | 1 | |a Riegler, Thomas |d 1977- |0 (DE-588)139759042 |0 (DE-627)613089715 |0 (DE-576)313000239 |4 aut | |
| 109 | |a Riegler, Thomas 1977- | ||
| 245 | 1 | 0 | |a Terrorismus |b Akteure, Strukturen, Entwicklungslinien |c Thomas Riegler |
| 250 | |a 1. Aufl. | ||
| 264 | 1 | |a Innsbruck |a Wien |a Bozen |b Studienverl. |c 2009 | |
| 300 | |a 635 S. |c 234 mm x 156 mm | ||
| 336 | |a Text |b txt |2 rdacontent | ||
| 337 | |a ohne Hilfsmittel zu benutzen |b n |2 rdamedia | ||
| 338 | |a Band |b nc |2 rdacarrier | ||
| 500 | |a Literaturverz. S. 583 - 631 | ||
| 505 | 8 | |a Literaturverz. S. 583 - 631 | |
| 505 | 8 | |a Literaturverz. S. 583 - 631 | |
| 583 | 1 | |a Archivierung/Langzeitarchivierung gewährleistet |f SLG |x XA-DE-BW |z BfZ |2 pdager |5 DE-24 | |
| 583 | 1 | |a Archivierung prüfen |c 20240324 |f DE-4165 |z 2 |2 pdager | |
| 650 | 0 | 7 | |0 (DE-588)4162078-1 |0 (DE-627)105465151 |0 (DE-576)209870818 |a Internationaler Terrorismus |2 gnd |
| 650 | 4 | |a Terrorismus/Terrorismusbekämpfung | |
| 650 | 4 | |a Literaturverzeichnis/Bibliographie | |
| 650 | 4 | |a terrorism/measures against terrorism | |
| 650 | 4 | |a Bibliography | |
| 689 | 0 | 0 | |d s |0 (DE-588)4059534-1 |0 (DE-627)106143212 |0 (DE-576)209131136 |a Terrorismus |2 gnd |
| 689 | 0 | |5 DE-101 | |
| 856 | 4 | 2 | |u http://www.gbv.de/dms/sub-hamburg/55674960X.pdf |m V:DE-601 |m B:DE-18 |q pdf/application |v 2011-02-03 |x Verlag |y Inhaltsverzeichnis |3 Inhaltsverzeichnis |7 1 |
| 856 | 4 | 2 | |u http://www.sehepunkte.de/2011/03/18261.html |m V:DE-576;X:Sehepunkte |q text/html |v 20180413100553 |3 Rezension |7 1 |
| 856 | 4 | 2 | |u http://www.studienverlag.at/page.cfm?vpath=buecher/buchdetail&titnr=4604 |x Verlag |y Inhaltsbeschreibung |7 1 |
| 935 | |a mkri | ||
| 935 | |i sf | ||
| 935 | |h HEB |i 0501 | ||
| 935 | |h HEB |i 0503 | ||
| 936 | r | v | |a MD 8920 |b Terror, Gewalt, Mord |k Politologie |k Politische Theorie, Grundbegriffe des Politischen |k Politische Auseinandersetzung |k Terror, Gewalt, Mord |0 (DE-627)1271426560 |0 (DE-625)rvk/122569: |0 (DE-576)201426560 |
| 936 | b | k | |a 89.58 |j Politische Gewalt |0 (DE-627)106416960 |
| 936 | s | n | |a m100 |2 mzub |
| 951 | |a BO | ||
| ELC | |b 1 | ||
| LOK | |0 000 xxxxxcx a22 zn 4500 | ||
| LOK | |0 001 3156376574 | ||
| LOK | |0 003 DE-627 | ||
| LOK | |0 004 55674960X | ||
| LOK | |0 005 20080204122019 | ||
| LOK | |0 008 080204||||||||||||||||ger||||||| | ||
| LOK | |0 040 |a DE-Frei85 |c DE-627 |d DE-Frei85 | ||
| LOK | |0 852 |a DE-Frei85 | ||
| LOK | |0 852 1 |m e |9 00 | ||
| LOK | |0 938 |k e | ||
| LOK | |0 939 |a 04-02-08 |b l01 | ||
| ORI | |a SA-MARC-krimdoka001.raw | ||
